00520nam a2200181Ia 4500008004100000020001500041082001800056100002200074245003000096250000800126260002700134300000800161500002400169650001600193942000700209952010700216999001500323230524s9999 xx 000 0 und d a9812406204 a621.3821bHHI aSteve White95476 0aDigital Signal Processing a1ST aNEW DELHIbVikasc2002 a234 aQuantity Number: 1 aElectronics cBK 00104070aTATCLbTATCLcGENd2023-05-24l0o621.3821 HHIp6262r2023-05-24w2023-05-24yBKzCPEC5202 c7860d7860